| 000 -ლიდერი |
| ფიქსირებული სიგრძის საკონტროლო ველი |
01602nam a22002057a 4500 |
| 003 - საკონტროლო ნომრის იდენტიფიკატორი |
| საკონტროლო ველი |
Ge_BSU |
| 005 - ბოლო ოპერაციის თარიღი და დრო |
| საკონტროლო ველი |
20221221132932.0 |
| 008 - ფიქსირებული სიგრძის მონაცემთა ელემენტები - ზოგადი ინფორმაცია |
| ფიქსირებული სიგრძის საკონტროლო ველი |
220307s2022 ge ||||| |||| 00| 0 geo d |
| 041 ## - ენის კოდი |
| Language code of text/sound track or separate title |
geo |
| 080 ## - უნივერსალური ათობითი კლასიფიკაციის ინდექსი |
| Universal Decimal Classification number |
33 მ-27 |
| 100 ## - მთავარი ჩანაწერი - პიროვნების სახელი |
| Personal name |
მანველიძე, ლაშა |
| 9 (RLIN) |
13588 |
| 245 ## - ცნობა სათაურის შესახებ |
| Title |
რეგიონული პოტენციალის დივერსიფიკაციის და ეკონომუკური უსაფრთხოების მექანიზმის დომინირებადი სტრატეგიები : |
| Remainder of title |
დისერტაცია / |
| Statement of responsibility, etc |
ლაშა მანველიძე; სამეცნიერო ხელმძღვანელი ვ. ღლონტი; ბსუ. ეკონომიკისა და ბიზნესის ფაკულტეტი. საფინანსო, საბანკო და სადაზღვევო საქმის დეპატრამენტი. |
| 300 ## - ფიზიკური აღწერა |
| Extent |
185 გვ. |
| Other physical details |
30 სმ. |
| 504 ## - BIBLIOGRAPHY, ETC. NOTE |
| Bibliography, etc |
ბიბლიოგრ. გვ. 166-185 |
| 653 ## - INDEX TERM--UNCONTROLLED |
| Uncontrolled term |
ეკონომიკა |
| 653 ## - INDEX TERM--UNCONTROLLED |
| Uncontrolled term |
დისერტაცია |
| 700 ## - ADDED ENTRY--PERSONAL NAME |
| Personal name |
ღლონტი, ვ. |
| Relator term |
სამეცნიერო ხელმძღვანელი |
| 9 (RLIN) |
6021 |
| 710 ## - ADDED ENTRY--CORPORATE NAME |
| Corporate name or jurisdiction name as entry element |
ბსუ. |
| Subordinate unit |
ეკონომიკისა და ბიზნესის ფაკულტეტი. საფინანსო, საბანკო და სადაზღვევო საქმის დეპატრამენტი. |
| 9 (RLIN) |
13589 |
| 942 ## - ADDED ENTRY ELEMENTS (KOHA) |
| Source of classification or shelving scheme |
|
| Koha item type |
დისერტაცია |